00821nam a2200217Ia 4500003000900000008004100009020001800050040001600068080001500084100002800099245013900127260004200266300002000308650002300328650003600351650003100387700002800418942000700446999001700453952013300470IN-BaIIA211028s9999 xx 000 0 eng d a0-442-01868-1 cIIA Library a031:5bVAN aConsidine, D. M.920886 0aVan Nostrand's scientific encyclopedia, J-Zbvol. 2.cD.M. Considine and G. D. Considine  aNew YorkbVan Nostrand Reinholdc1995 axvi, 1793-3455p aEncyclopedia91112 aEngineering Encyclopedia920887 aScience Encyclopedia99441 aConsidine, G. D.920888 cBK c12012d12012 00104070aBANbBANcGENd1997-01-30eANJ g3868.75l0o031:5/ VANp12928r2021-11-05v3868.75w1997-01-30yBKGRs. 3868.75